000
00490nam a2200169Ia 4500
008
110201s9999 xx 000 0 und d
082
_b
B7176
_a
S 1066
100
_a
कलंदर
245
_a
आणखी कानोकानी
260
_b
रोहन प्रकाशन
365
_b
100
600
_a
कलंदर
630
_a
आणखी कानोकानी
700
_a
कलंदर
730
_a
आणखी कानोकानी
942
_c
BOOK
999
_c
832725
_d
832722